[Event "FIDE World Cup 2023"]
[Site "Baku AZE"]
[Date "2023.08.07"]
[Round "3.7"]
[White "Abasov, Nijat"]
[Black "Giri, Anish"]
[Result "1/2-1/2"]
[WhiteTitle "GM"]
[BlackTitle "GM"]
[WhiteElo "2632"]
[BlackElo "2775"]
[WhiteFideId "13402960"]
[BlackFideId "24116068"]
[EventDate "2023.07.30"]
[EventType "k.o."]

1. d4 Nf6 2. c4 e6 3. Nf3 d5 4. Nc3 Be7 5. Bg5 h6 6. Bxf6 Bxf6 7. e3 dxc4 8.
Bxc4 c5 9. Ne4 cxd4 10. Nxf6+ Qxf6 11. Qxd4 Qxd4 12. Nxd4 Bd7 13. Ke2 Ke7 14.
Rhd1 Nc6 15. Nxc6+ Bxc6 16. f3 Rhd8 17. e4 Rxd1 18. Rxd1 Rc8 19. b3 g5 20. Ke3
a5 21. Bd3 Bd7 22. h4 b5 23. hxg5 hxg5 24. g3 e5 25. Be2 Rc5 26. a3 f6 27. b4
Rc3+ 28. Rd3 axb4 29. axb4 Rc2 30. Rd2 Rc3+ 31. Rd3 Rc2 32. Rd2 Rc3+ 33. Rd3 1/2-1/2

[Event "FIDE World Cup 2023"]
[Site "Baku AZE"]
[Date "2023.08.07"]
[Round "3.7"]
[White "Vidit, Santosh Gujrathi"]
[Black "Bluebaum, Matthias"]
[Result "1-0"]
[WhiteTitle "GM"]
[BlackTitle "GM"]
[WhiteElo "2719"]
[BlackElo "2672"]
[WhiteFideId "5029465"]
[BlackFideId "24651516"]
[EventDate "2023.07.30"]
[EventType "k.o."]

1. d4 d5 2. c4 e6 3. Nc3 Bb4 4. cxd5 exd5 5. Bf4 c5 6. dxc5 Nf6 7. e3 O-O 8. Bd3
Bxc3+ 9. bxc3 Nbd7 10. Ne2 Nxc5 11. O-O Bg4 12. f3 Be6 13. Bc2 Ncd7 14. a4 Rc8
15. a5 Re8 16. Qd4 Rc5 17. Qb4 Qc8 18. Bd3 b6 19. axb6 axb6 20. Bd6 Ra5 21. Rxa5
bxa5 22. Qxa5 Nf8 23. Nd4 Bd7 24. Kf2 Ng6 25. Rb1 Ne5 26. Ba6 Qa8 27. Qb6 Nc4
28. Bxc4 dxc4 29. e4 h6 30. Re1 Qa2+ 31. Re2 Qa1 32. Qb2 Qa7 33. Qa3 Qb6 34. Qc5
Qa6 35. Be5 Rc8 36. Qd6 Qxd6 37. Bxd6 Ra8 38. Rb2 Ne8 39. Be5 f6 40. Bf4 Ra7 41.
Ne2 Kf7 42. Be3 Rc7 43. Nf4 Nd6 44. Rb6 Nb5 45. Nd5 Rc8 46. Rb7 Ke8 47. Nb6 Rc7
48. Rb8+ Kf7 49. Nxd7 Nxc3 50. Nb6 Na2 51. Nd5 Rd7 52. Rb2 Rxd5 53. exd5 Nc3 54.
Rc2 Nxd5 55. Rxc4 Ke6 56. h4 1-0

[Event "FIDE World Cup 2023"]
[Site "Baku AZE"]
[Date "2023.08.07"]
[Round "3.8"]
[White "Giri, Anish"]
[Black "Abasov, Nijat"]
[Result "0-1"]
[WhiteTitle "GM"]
[BlackTitle "GM"]
[WhiteElo "2775"]
[BlackElo "2632"]
[WhiteFideId "24116068"]
[BlackFideId "13402960"]
[EventDate "2023.07.30"]
[EventType "k.o."]

1. e4 c5 2. Nf3 Nc6 3. Nc3 g6 4. d4 cxd4 5. Nxd4 Bg7 6. Be3 Nf6 7. Bc4 d6 8. h3
O-O 9. Bb3 Na5 10. O-O b6 11. Re1 Nxb3 12. axb3 Bb7 13. Qd3 Nd7 14. Bg5 Nc5 15.
Qe3 Qd7 16. Rad1 Ne6 17. Nxe6 Qxe6 18. Bh6 Rfc8 19. Bxg7 Kxg7 20. Rd4 Rc5 21.
Qd2 Rac8 22. Ra1 a6 23. Rc1 b5 24. Qd3 Qe5 25. Qe3 a5 26. b4 Rc4 27. Rxc4 Rxc4
28. f4 Qe6 29. b3 Rxb4 30. Re1 Qc8 31. Kh2 Qc5 32. Qd3 0-1

[Event "FIDE World Cup 2023"]
[Site "Baku AZE"]
[Date "2023.08.07"]
[Round "3.8"]
[White "Bluebaum, Matthias"]
[Black "Vidit, Santosh Gujrathi"]
[Result "1-0"]
[WhiteTitle "GM"]
[BlackTitle "GM"]
[WhiteElo "2672"]
[BlackElo "2719"]
[WhiteFideId "24651516"]
[BlackFideId "5029465"]
[EventDate "2023.07.30"]
[EventType "k.o."]

1. d4 d5 2. c4 c6 3. Nf3 Nf6 4. Nc3 e6 5. Qc2 dxc4 6. e4 b5 7. Be2 Bb7 8. O-O
Be7 9. Rb1 Qc7 10. Bg5 Nbd7 11. e5 Nd5 12. Ne4 c5 13. Bxe7 Kxe7 14. Nd6 cxd4 15.
Nxd4 Nxe5 16. N4xb5 Qc6 17. Qd2 Nf4 18. f3 Nxe2+ 19. Qxe2 Qc5+ 20. Kh1 Bc6 21.
b4 Qd5 22. Nf5+ exf5 23. Nc7 Qd6 24. Nxa8 Kf6 25. Qb2 Kg6 26. Qf2 Nd3 27. Qh4
Bxa8 28. Qxc4 Ne5 29. Qf4 Rd8 30. Qg3+ Kf6 31. f4 Ng4 32. h3 Qd2 33. hxg4 Rd3
34. Qh4+ Ke6 35. gxf5+ Kd7 36. Qf2 Qc3 37. Qxa7+ Kd6 38. Qxa8 Rh3+ 39. gxh3
Qxh3+ 40. Kg1 1-0

[Event "FIDE World Cup 2023"]
[Site "Baku AZE"]
[Date "2023.08.09"]
[Round "4.1"]
[White "So, Wesley"]
[Black "Sarana, Alexey"]
[Result "0-1"]
[WhiteTitle "GM"]
[BlackTitle "GM"]
[WhiteElo "2769"]
[BlackElo "2685"]
[WhiteFideId "5202213"]
[BlackFideId "24133795"]
[EventDate "2023.07.30"]
[EventType "k.o."]

1. c4 e6 2. Nc3 d5 3. d4 Nf6 4. cxd5 exd5 5. Bg5 Bb4 6. e3 h6 7. Bf4 O-O 8. Bd3
c5 9. dxc5 Nc6 10. Bd6 Re8 11. Ne2 b6 12. Bb5 Bb7 13. a3 Bxc5 14. Bxc5 bxc5 15.
O-O Qd6 16. Rc1 a6 17. Bd3 Ne5 18. Na4 Nxd3 19. Qxd3 Rac8 20. Qb3 Ba8 21. Ng3 d4
22. exd4 cxd4 23. Qd3 Rxc1 24. Rxc1 Ng4 25. Qf5 Nf6 26. Nc5 h5 27. b4 h4 28. Nf1
g6 29. Qd3 Nh5 30. Qxa6 Qxa6 31. Nxa6 Nf4 32. Nc7 h3 33. Ng3 hxg2 34. Nxa8 d3 0-1

[Event "FIDE World Cup 2023"]
[Site "Baku AZE"]
[Date "2023.08.11"]
[Round "4.3"]
[White "Nepomniachtchi, Ian"]
[Black "Nihal, Sarin"]
[Result "1-0"]
[WhiteTitle "GM"]
[BlackTitle "GM"]
[WhiteElo "2779"]
[BlackElo "2688"]
[WhiteFideId "4168119"]
[BlackFideId "25092340"]
[EventDate "2023.07.30"]
[EventType "k.o."]

1. e4 c5 2. Nf3 d6 3. Bb5+ Nd7 4. a4 Nf6 5. Nc3 a6 6. Be2 g6 7. O-O Bg7 8. d4
cxd4 9. Nxd4 b6 10. Nc6 Qc7 11. Nb4 Bb7 12. Ncd5 Qd8 13. f3 O-O 14. Nxf6+ Nxf6
15. Be3 Qc7 16. c4 e6 17. Rc1 Rfd8 18. Nd3 Nd7 19. Qb3 Nc5 20. Qa3 a5 21. Nf2
Qe7 22. Rfd1 Bc6 23. b3 f5 24. Bd3 Be5 25. Qa2 Qh4 26. g3 Bxg3 27. hxg3 Qxg3+
28. Kf1 fxe4 29. Bxc5 exd3 30. Bxb6 Rab8 31. Be3 Rf8 32. Rxd3 Rxf3 33. Qe2 Rbf8
34. Ke1 h5 35. Bb6 Rxd3 36. Qxd3 Qg1+ 37. Qf1 Qg5 38. Rc3 h4 39. Be3 Qe5 40. Kd2
Rf3 41. Qd3 Qg3 42. c5 Rxf2+ 43. Bxf2 Qxf2+ 44. Kc1 Qf4+ 45. Kb2 Be4 46. Qxd6
Qf2+ 47. Ka3 Qe1 48. Qxe6+ Kh7 49. Qf7+ Kh8 50. Qf6+ Kh7 51. Rc4 h3 52. Qe5 Qg1 1-0

[Event "FIDE World Cup 2023"]
[Site "Baku AZE"]
[Date "2023.08.11"]
[Round "4.4"]
[White "Gukesh, D"]
[Black "Esipenko, Andrey"]
[Result "1-0"]
[WhiteTitle "GM"]
[BlackTitle "GM"]
[WhiteElo "2744"]
[BlackElo "2683"]
[WhiteFideId "46616543"]
[BlackFideId "24175439"]
[EventDate "2023.07.30"]
[EventType "k.o."]

1. Nf3 d5 2. d4 Nf6 3. e3 e6 4. b3 Bd6 5. Bb2 O-O 6. Nbd2 b6 7. Bd3 Bb7 8. O-O
Ne4 9. c4 Nd7 10. Rc1 Qe7 11. Ne5 Nxd2 12. Qxd2 Nf6 13. Qe2 c5 14. dxc5 bxc5 15.
cxd5 exd5 16. Ng4 Ne4 17. f3 Ng5 18. f4 Ne4 19. Ne5 f6 20. Bxe4 dxe4 21. Nc4 Bc7
22. Ba3 Rfd8 23. Rfd1 Ba6 24. h3 Bb6 25. Kh2 h6 26. Qh5 Kh7 27. Nb2 Rxd1 28.
Rxd1 Rd8 29. Rxd8 Qxd8 30. Qf5+ Kh8 31. Qxe4 Qd2 32. Na4 Bd3 33. Qa8+ Kh7 34.
Qd5 Qxe3 35. Qf3 Qd2 36. Bxc5 Bc7 37. Be3 Qxa2 38. Bxa7 Qc2 39. Qf2 Qxf2 40.
Bxf2 Bxf4+ 41. Kg1 Be5 42. Nc5 Bb5 43. Ne6 Bd7 44. Nf8+ Kg8 45. Nxd7 Bc7 46. b4
Kf7 47. Nc5 Ke7 48. b5 Kd6 49. Bg3+ Kxc5 50. Bxc7 Kxb5 51. Bd6 1-0

[Event "FIDE World Cup 2023"]
[Site "Baku AZE"]
[Date "2023.08.17"]
[Round "6.9"]
[White "Praggnanandhaa, R"]
[Black "Erigaisi, Arjun"]
[Result "1-0"]
[WhiteTitle "GM"]
[BlackTitle "GM"]
[WhiteElo "2690"]
[BlackElo "2710"]
[WhiteFideId "25059530"]
[BlackFideId "35009192"]
[EventDate "2023.07.30"]
[EventType "k.o."]

1. Nf3 Nf6 2. b3 d5 3. Bb2 Bf5 4. g3 e6 5. Bg2 Be7 6. d3 h6 7. O-O O-O 8. Nbd2
a5 9. a3 Bh7 10. Ne5 Nbd7 11. Nxd7 Qxd7 12. Nf3 c5 13. c4 a4 14. Ne5 Qc7 15.
cxd5 exd5 16. bxa4 Qa5 17. Qb3 Qxa4 18. Bxd5 Nxd5 19. Qxd5 Qa6 20. a4 Rad8 21.
Qf3 Bf6 22. Nc4 Bxb2 23. Nxb2 Rfe8 24. Nc4 Qe6 25. Ne3 b6 26. Rfc1 Ra8 27. Qf4
Ra5 28. Rcb1 Bg6 29. Rb2 Qc6 30. Rab1 Qxa4 31. Qxa4 Rxa4 32. Rxb6 Kh7 33. R1b2
Ra1+ 34. Kg2 Rc1 35. Rc6 Re5 36. Rc8 Bf5 37. Nxf5 Rxf5 38. f4 Rd5 39. Rc7 Rf5
40. Kf3 h5 41. Rb5 g6 42. e4 Rf6 43. Rbxc5 Rf1+ 44. Kg2 Rd1 45. Rd5 h4 46. Rdd7
Kg8 47. e5 Rf5 48. Kf3 hxg3 49. hxg3 Rf1+ 50. Kg2 Re1 51. Kf3 Rf1+ 52. Ke2 Rg1
53. Kf2 Rd1 54. e6 fxe6 55. Rg7+ Kf8 56. Rxg6 Rf7 57. Rc8+ Ke7 58. Rc6 Rf6 59.
Rc7+ Kd6 60. Rxf6 Kxc7 61. Rxe6 Rxd3 62. Re3 Rd2+ 63. Kf3 Kd6 64. f5 Kd7 65. g4
Ra2 66. g5 Kd6 67. Kg4 Ra4+ 68. Kh5 Rf4 69. f6 Rf1 70. Kg6 Kd7 71. f7 Kd6 72.
Kg7 1-0

[Event "FIDE World Cup 2023"]
[Site "Baku AZE"]
[Date "2023.08.23"]
[Round "8.2"]
[White "Caruana, Fabiano"]
[Black "Abasov, Nijat"]
[Result "1-0"]
[WhiteTitle "GM"]
[BlackTitle "GM"]
[WhiteElo "2782"]
[BlackElo "2632"]
[WhiteFideId "2020009"]
[BlackFideId "13402960"]
[EventDate "2023.07.30"]
[EventType "k.o."]

1. e4 c5 2. Nf3 e6 3. d4 cxd4 4. Nxd4 Nc6 5. Nc3 Nf6 6. Bf4 Bb4 7. Nb5 Nxe4 8.
Qf3 d5 9. Nc7+ Kf8 10. O-O-O Bxc3 11. bxc3 Qe7 12. c4 Qf6 13. c3 g5 14. Bd6+ Kg7
15. Qxf6+ Kxf6 16. Nxa8 Nxd6 17. cxd5 exd5 18. f3 Nf5 19. Nc7 d4 20. Bb5 Ne3 21.
Rd2 Bd7 22. Re1 Rc8 23. Rxe3 Rxc7 24. Re4 dxc3 25. Rd6+ Kg7 26. Re3 a6 27. Ba4
Be6 28. Bxc6 bxc6 29. Rxc3 Bxa2 30. Rcxc6 Re7 31. Rxa6 Re2 32. Rd2 Re1+ 33. Kb2
Be6 34. Ra1 Re5 35. Kc3 h6 36. Kd4 Rb5 37. Ke3 Rb3+ 38. Kf2 Rb4 39. Ra5 Rh4 40.
h3 Rb4 41. Kg3 Kf6 42. Re2 Bf5 43. Ree5 Bg6 44. Reb5 Rc4 45. Rb6+ Kg7 46. Rab5
Rc2 47. Rb2 Rc4 48. R2b4 Rc5 49. R6b5 Rc2 50. Rd5 Ra2 51. h4 gxh4+ 52. Rxh4 h5
53. Rb4 Rc2 54. f4 Kf6 55. Rg5 Rc6 56. Kh4 Re6 57. f5 Bxf5 58. Rf4 Re5 59. Rxh5 1-0

[Event "FIDE World Cup 2023"]
[Site "Baku AZE"]
[Date "2023.08.24"]
[Round "8.3"]
[White "Abasov, Nijat"]
[Black "Caruana, Fabiano"]
[Result "0-1"]
[WhiteTitle "GM"]
[BlackTitle "GM"]
[WhiteElo "2632"]
[BlackElo "2782"]
[WhiteFideId "13402960"]
[BlackFideId "2020009"]
[EventDate "2023.07.30"]
[EventType "k.o."]

1. d4 Nf6 2. Bg5 Nc6 3. e3 e5 4. d5 Ne7 5. Bxf6 gxf6 6. c4 d6 7. Nc3 f5 8. h4
Bg7 9. h5 O-O 10. Bd3 c6 11. Qd2 cxd5 12. cxd5 Bd7 13. Nge2 Rc8 14. Ng3 e4 15.
Bc2 b5 16. Bb3 Qa5 17. Rc1 h6 18. O-O Rc5 19. f3 Be5 20. Qf2 exf3 21. Qxf3 Qb4
22. Rc2 a5 23. Rcf2 Rxc3 24. Nxf5 Nxf5 25. bxc3 Qh4 26. g3 Nxg3 27. Rh2 Qg5 28.
Rg2 Bh3 0-1

[Event "FIDE World Cup 2023"]
[Site "Baku AZE"]
[Date "2023.08.24"]
[Round "8.4"]
[White "Carlsen, Magnus"]
[Black "Praggnanandhaa, R"]
[Result "1/2-1/2"]
[WhiteTitle "GM"]
[BlackTitle "GM"]
[WhiteElo "2835"]
[BlackElo "2690"]
[WhiteFideId "1503014"]
[BlackFideId "25059530"]
[EventDate "2023.07.30"]
[EventType "k.o."]

1. e4 c5 2. c3 Nf6 3. e5 Nd5 4. Nf3 Nc6 5. d4 cxd4 6. Bc4 Nb6 7. Bb3 d6 8. exd6
Qxd6 9. O-O Bf5 10. Nxd4 Nxd4 11. cxd4 e6 12. Nc3 Be7 13. Qf3 O-O 14. d5 Bg6 15.
dxe6 fxe6 16. Qe2 Kh8 17. Qxe6 Qxe6 18. Bxe6 Bc5 19. Be3 Bxe3 20. fxe3 Rfe8 21.
Bb3 Rxe3 22. Rae1 Rxe1 1/2-1/2

[Event "FIDE World Cup 2023"]
[Site "Baku AZE"]
[Date "2023.08.24"]
[Round "8.4"]
[White "Caruana, Fabiano"]
[Black "Abasov, Nijat"]
[Result "1-0"]
[WhiteTitle "GM"]
[BlackTitle "GM"]
[WhiteElo "2782"]
[BlackElo "2632"]
[WhiteFideId "2020009"]
[BlackFideId "13402960"]
[EventDate "2023.07.30"]
[EventType "k.o."]

1. e4 c5 2. Nf3 Nc6 3. Bb5 e6 4. O-O Nge7 5. Re1 a6 6. Bf1 d5 7. exd5 Nxd5 8. d4
Nf6 9. Be3 Ng4 10. Bg5 f6 11. Bf4 cxd4 12. h3 Nh6 13. Bxh6 gxh6 14. Nbd2 b5 15.
a4 Rb8 16. axb5 axb5 17. Nb3 Bb4 18. Nfxd4 Nxd4 19. Qh5+ Kf8 20. Red1 e5 21. c3
Bd6 22. cxd4 e4 23. Ra7 Rb7 24. Rxb7 Bxb7 25. Nc5 Bd5 26. Bxb5 Qa8 27. Nd7+ Ke7
28. Qxh6 Bc6 29. Qg7+ 1-0